00789cam a2200205Ia 450000500170000000800410001702000180005803500210007604000500009704100130014710000320016024501400019226000550033230000180038749000300040560000580043565000370049370000330053076500200056320211105120838.0171003s2013 ag rb 000 0 spa d a9789874518507 a(OCoLC)890703309 aCO-BoUCMbspacSandra PalaciodSandra Palacio1 aspaheng1 aSpivak, Gayatri Chakravorty10aSobre la deconstrucciónbintroducción a De la gramatología de DerridacGayatri Chakravorty Spivak ; traducción, Nadia Volonté aBuenos Aires (Argentina)bHilo Rojo Editoresc2013 a203 páginas0 aColección Heteroglosias14aDerriba, Jacquesd1930-xCrítica e interpretación17aLenguaje y lenguas xFilosofía aVolonté, Nadia etraductor1 tOf grammatology